Türkiye Büyük Millet Meclisi albümü (Record no. 5243)

MARC details
000 -BAŞLIK
Sabit Uzunlukta Kontrol Alanı 00745na a2200241 4500
001 - KONTROL NUMARASI
Denetim Alanı 17566
003 - KONTROL NUMARASI IDENTIFIER
Denetim Alanı MIRAKIL
005 - SON İŞLEM TARİHİ VE ZAMANI
Denetim Alanı 20181213155031.0
008 - SABİT-BOY VERİ ELEMANLARI - GENEL BİLGİLER
Sabit Uzunlukta Kontrol Alanı 161029b tu 000 0
020 ## - ULUSLARARASI STANDART KİTAP NUMARASI
Uluslararası Standart Kitap Numarası 975747925X
040 ## - KATALOGLAMA KAYNAK
Orijinal Kataloglama Ajansı Milas
Kataloglama Dili tur
Metne Dönüştürmek Ajansı TR-AnCHP
041 ## - DİL KODU
Metin / Ses Parça Veya Ayrı Başlığın Dil Kodu tur
082 ## - DEWEY ONLU SINIFLANDIRMA NUMARASI
Sınıflandırma Numarası 328.561
Ürün Numarası T15t 1994
090 ## - SINIFLAMA NUMARASI
Sınıflama Numarası 328.561 T15t 1994
110 ## - ANA GİRİŞ - KURUMSAL ADI
Giriş Elemanı Olarak Kurumsal Ad Veya Yargı Alanı Adı TBMM Genel Sekreterliği
245 ## - BAŞLIK TABLOSU
Başlık Türkiye Büyük Millet Meclisi albümü
Başlığın Kalan 23 Nisan 1920-20 Ekim 1991
Sorumluluk Tablosu, Vb TBMM Genel Sekreterliği
260 ## - YAYIN, DAĞITIM, VB
Yayın, Dağıtım, Vb Yeri Ankara
Yayıncı, Dağıtıcı, Vs Adı Türkiye Büyük Millet Meclisi (TBMM)
Yayın, Dağıtım, Vb Tarihi 1994
300 ## - FİZİKSEL TANIM
Kapsam xv, 734 s.
Diğer Fiziksel Ayrıntıları fotğ.
Boyutlar 28 sm.
490 ## - SERİSİ TABLOSU
Seri Beyanı TBMM Genel Sekreterliği yayınları
Hacim / Ardışık Tanımı 1
504 ## - KAYNAKÇA VB NOT
Kaynakça Vb Notu Kaynakça var.
610 ## - KONU KATMA GİRİŞ - TOPLANTI ADI
Giriş Elemanı Olarak Kurumsal Ad Veya Yargı Alanı Adı TBMM
Genel Alt Bölüm Albümler
Kronolojik Alt Bölüm 1920-1991
942 ## - EKLENDİ GİRİŞ ELEMANLARI (KOHA)
Sınıflandırma Veya Raf Düzeni Kaynak Dewey Decimal Classification
Koha Öğesi Türü Books
999 ## - SİSTEM KONTROL NUMARALARI (KOHA)
Koha Biblionumber 5243
Koha Biblioitemnumber 5243
Holdings
Kalıcı Konum Mevcut Konum Edinme Tarihi Edinim Kaynak Toplam Check-Out'Lar Tam Çağrı Numarası Barkod Tarih Son Görülme İtibaren Geçerli Fiyatlar Koha Öğesi Türü
CHP Kütüphanesi CHP Kütüphanesi 10/29/2016 Bağış   328.561 T15t 1994 008202 10/29/2016 10/29/2016 Books